Score 0/20 Timer 02:00
1 Play Today
Title Missing Word % Correct
E.T.: The _____-TerrestrialExtra
97.8%
Never _____ KissedBeen
97.1%
He's Just _____That Into YouNot
96.9%
50 First _____Dates
96.5%
Charlie's _____Angels
96%
_____ Hills ChihuahuaBeverly
92.3%
The Wedding _____Singer
84.6%
Curious _____George
82.6%
Ever _____After
78.3%
Donnie _____Darko
72.5%
Title Missing Word % Correct
_____ the DistanceGoing
71.8%
_____ and LyricsMusic
70.5%
_____ PitchFever
70.2%
_____ in Cars with BoysRiding
68%
Poison _____Ivy
62.2%
Batman _____Forever
57.5%
Freddy Got _____Fingered
55%
Confessions of a Dangerous _____Mind
49.5%
_____ on the SideBoys
28.1%
_____ ItWhip
15.6%

Today's Daily Dose

Missing Word
Lizzo Songs

Get the Picture
The Longest Rivers

Remove Ads.
Support Sporcle.
Get the best of Sporcle when you Go Orange. This ad-free experience offers more features, more stats, and more fun while also helping to support Sporcle. Thank you for becoming a member.

You're not logged in!

Compare scores with friends on all Sporcle quizzes.
OR
Log In

Show Comments

Extras

Top Quizzes Today


Score Distribution

Your Account Isn't Verified!

In order to create a playlist on Sporcle, you need to verify the email address you used during registration. Go to your Sporcle Settings to finish the process.

Report this User

Report this user for behavior that violates our Community Guidelines.

Details: